| Registos Bibliográficos associados ao registo de autoridade |
|
Etiqueta de registo: 00230nam 2200025 450 001 1857054 003 http://id.bnportugal.gov.pt/bib/catbnp/1857054 100 ## $a20131127d2013 k y0pory01030103ba 101 0# $aeng$dpor 102 ## $aPT 105 ## $aa m 000yy 106 ## $ar 200 1# $a An approach to develop sustainaible medical devices$fShantesh Digambar Hede$gorient. Luís Alexandre Rocha, Manuel José Lopes Nunes, Paula Varandas Ferreira 210 #9 $a[Braga$cs.n.],$d2013 215 ## $aXVII, 284 p.$cil.$d30 cm 215 ## $a1 disco ótico (CD-ROM) em caixa$cil.$d13 x 15 x 1 cm 305 ## $aEd. impressa e em CD-ROM 320 ## $aContém bibliografia 328 #1 $aTese dout. Bioengenharia, Escola de Engenharia, Univ. do Minho, 2013 675 ## $a60(043)$vBN$zpor$31376044 675 ## $a616-7(043)$vBN$zpor$31325670 700 #1 $aHede,$bShantesh Digambar$31554692 702 #1 $aRocha,$bLuís Alexandre$4727$31495804 702 #1 $aNunes,$bManuel José Lopes$4727$31554696 702 #1 $aFerreira,$bPaula Varandas$4727$31143695 801 #0 $aPT$bBN$gRPC 966 ## $lBN$mDEM$sS.A. 55552 P. $x1 966 ## $lBN$mFGMON$sS.A. 152197 V.$x1
Etiqueta de registo: 00230nam 2200025 450 001 1892055 003 http://id.bnportugal.gov.pt/bib/catbnp/1892055 100 ## $a20150107d2014 k y0pory01030103ba 101 0# $aeng$apor$dpor 102 ## $aPT 105 ## $aa m 000yy 106 ## $ar 200 1# $aNumerical optimization and economic analysis in the design of a micro-chip system
with a stirling engine and a solar collector$dOtimização numérica e análise económica na conceção de uma micro-cogeração com motor
stirling e concentrador solar$fAna Cristina Magalhães Ferreira$gorient. Senhorinha de Fátima Capela Fortunas Teixeira, Manuel José Lopes Nunes$zpor 210 #9 $aMinho$c[s.n.],$d2014 215 ## $aXXVI, 219 p.$cil.$d30 cm 320 ## $aBibliografia, p. 209-211 328 #1 $aTese dout. Industrial and Systems Engineering, Univ. do Minho, 2014 510 1# $aOtimização numérica e análise económica na conceção de uma micro-cogeração com motor
stirling e concentrador solar$zpor 675 ## $a621.31(043)$vBN$zpor$3341272 675 ## $a519.8(043)$vBN$zpor$31250739 700 #1 $aFerreira,$bAna Cristina Magalhães$31596549 702 #1 $aNunes,$bManuel José Lopes$4727$31554696 702 #1 $aTeixeira,$bSenhorinha de Fátima Capela Fortunas$4727$31209755 801 #0 $aPT$bBN$gRPC 966 ## $lBN$mFGMON$sS.A. 155985 V.$x1
Etiqueta de registo: 00000nam 2200025 450 001 2276497 003 http://id.bnportugal.gov.pt/bib/catbnp/2276497 100 ## $a20260305d2024 k y0pory01030103ba 101 0# $aeng$dpor 102 ## $aPT 105 ## $aa m 000yy 106 ## $ar 200 1# $a The role of private consultants as innovation intermediaries in technology transfer$fJoão Carlos Cordeiro Soares$gorient. Fernando Romero, Manuel Lopes Nunes 210 #9 $a[S.l.$cs.n.],$d2024 215 ## $aXVI, 302 p.$cil.$d30 cm 328 #1 $aTese dout. Industrial and Systems Engineering, Escola de Engenharia, Universidade
do Minho, 2024 675 ## $a659.23(043)$vBN$zpor$31342282 675 ## $a005.59(043)$vBN$zpor$31223273 700 #1 $aSoares,$bJoão Carlos Cordeiro$31989274 702 #1 $92$aRomero,$bFernando$4727$31352966 702 #1 $aNunes,$bManuel José Lopes$4727$31554696 801 #0 $aPT$bBN$gRPC 856 40 $2Cópia digital disponível no RepositóriUM - Universidade do Minho$uhttps://hdl.handle.net/1822/89377 966 ## $lBN$mFGMON$sS.A. 193647 V.$x1 971 ## $corlando$d20260305 972 ## $e0$z0$d20260422$vlrevez 973 ## $cigoulao$d20260416
|
|
|